1791 1760 1663 1915 1377 1921 1623 1113 1939 1096 1890 1450 1134 1185 1820 1778 1096 1940 1824 1434 1040 1391 1796 1173 1954 1587 1186 1835 1224 1787 1949 1654 1101 1804 1447 1126 1593 1151 1022 1123 1594 1820 1748 1100 1676 1015 1452 1669 1262 1479 1710 1197 1123 1691 1672 1121 1525 1046 1596 1244 1034 1895 1930 1041 1035 1902 1126 1047 1447 1395 1554 1385 1457 1350 1579 1323 1854 1101 1781 1976 1663 1561 1976 1038 1348 1542 1950 1980 1359 1460 1924 1551 1001 1559 1795 1599 1411 1245 1769 BCNSPRNW ULIB Ver.6.0+V

เปลี่ยนเป็นภาษาไทย

Change to English
 แสดงรายละเอียดบรรณานุกรม
  กลับหน้าหลัก

Brief Record : Get Marc (ISO 2709) : E-mail record : QR code < ปิดหน้าต่าง
LEADER : 00000nam 2200000uu 4500
001    13399114470
003     ULIB
008    120404s2553||||th 000 0 tha d
020    ^a9786167017426
090    ^aนว.^bป524ค 2553
100 0  ^aปัญญมาตย์
245 00 ^aคมเล่ห์เสห่หา/^cปัญญมาตย์
250    ^aพิมพ์ครั้งที่ 1
260    ^aกรุงเทพฯ :^bอักษรศาสตร์,^c2553
300    ^a246 หน้า
710 1  ^aอักษรศาสตร์
945    ^p229^l0^i17071
995    ^aกัณชพร
999    ^aใช้งานได้ทุกระบบ
รายการนี้ยังไม่มีแท็ก
คุณยังไม่ได้ล็อกอิน คุณสามารถมีกิจกรรมร่วมกับเว็บไซต์ได้ แต่ต้องล็อกอินก่อน ::
  ล็อกอิน

รายการสื่อสารสนเทศ

ลำดับที่ ประเภท เลขเรียก/บาร์โค้ด สถานที่ สถานะ
1. นวนิยาย
นวนิยาย
นว. ป524ค 2553  
  Barcode: 17071
ห้องสมุดวิทยาเขตสวรรค์ประชารักษ์
►นวนิยาย
บนชั้น
  ขอยืม

BibComment


ยังไม่เคยถูกคอมเมนท์

คอมเมนท์ทรัพยากรรายการนี้
  คอมเมนท์: คมเล่ห์เสห่หา ปั..


 Copyright 2026. Bcnsprnw @Library